| 000 | 01011nam a2200205 a 4500 | ||
|---|---|---|---|
| 001 | 45674 | ||
| 005 | 20180714024946.0 | ||
| 008 | 140415s1991 mx 000 0 spa d | ||
| 020 | _a9687270756 | ||
| 041 | _aspa | ||
| 082 |
_a658 _bCUN |
||
| 100 | 1 | _aCUNNINGHAM, WILLIAM H. | |
| 245 | 1 | 0 | _aINTRODUCCION A LA ADMINISTRACION |
| 250 | _a1a ed. | ||
| 260 |
_aMEXICO : _bGRUPO EDITORIAL IBEROAMERICA, _c1991 |
||
| 300 |
_a4 _c19 x 2.5 x 23.7 |
||
| 520 | _aENTRE LAS DIFERENCIAS IMPORTANTES DE ESTE LIBRO RESPECTO A LA VISIÓN ORIGINAL EN INGLÉS, SE ENCUENTRAN REFERENCIAS A LA SITUACIÓN ECONÓMICA DE MÉXICO Y SU MARCO LEGAL. EN LOS DIVERSOS CAPÍTULOS DEL LIBRO APARECEN LECTURAS QUE MUESTRAN ALGUNOS PROBLEMAS QUE SON ESPECÍFICOS PARA ADMINISTRADOR QUE EJERCE EN MÉXICO, Y ALGUNOS TEMAS DE CONTROVERSIA QUE PLANTEAN DILEMAS ÉTICOS QUE PUEDEN AYUDAR A COMPRENDER EL MARCO EN QUE EL ADMINISTRADOR TOMA SUS DECISIONES. | ||
| 650 | 1 | 4 | _aADMINISTRACION |
| 740 | _aINTRODUCTION TO BUSINES | ||
| 999 |
_c45674 _d45674 |
||